Normal view
MARC view
Entry Personal Name
001 - CONTROL NUMBER
- control field: 570710
003 - CONTROL NUMBER IDENTIFIER
- control field:
005 - DATE AND TIME OF LATEST TRANSACTION
- control field: 20210602182115.0
008 - FIXED-LENGTH DATA ELEMENTS
- fixed length control field: 210602|| aca||aabn | a|a d
040 ## - CATALOGING SOURCE
- Original cataloging agency:
- Transcribing agency:
100 ## - HEADING--PERSONAL NAME
- Personal name: Lausch, Susanne
670 ## - SOURCE DATA FOUND
- Source citation: Work cat.: (): Tavernier, Jean Baptiste Baron d'Auboune 1605-1689 570708, Reisen zu den Reichtümern Indiens :, 1984
